MARC

LEADER 00000nam0a2200000 4500
001 10776
005 20231030183246.0
010 |a 5283030954 
035 |a (RuTPU)RU\TPU\book\10841 
035 |a BOOK00000025 
090 |a 10776 
100 |a 20011209d1996 k y0rusy50 ca 
101 0 |a rus 
102 |a RU 
105 |a a z 000zy 
200 1 |a Функциональные неорганические соединения лития  |f А. А. Вашман, К. И. Петров 
210 |a Москва  |c Энергоатомиздат  |d 1996 
215 |a 208 с.  |c ил. 
610 1 |a литий 
610 1 |a электролиты 
610 1 |a спектроскопия 
610 1 |a ядерный магнитный резонанс 
610 1 |a ядерная магнитная релаксация 
675 |a 661.83  |v 3 
700 1 |a Вашман  |b А. А.  |g Андрей Александрович 
701 1 |a Петров  |b К. И.  |g Карл Иванович 
801 0 |a RU  |b 63413507  |c 20011209  |g PSBO 
801 2 |a RU  |b 63413507  |c 20051203  |g PSBO 
942 |c BK